UM Logo

A three-winding coupled inductor-based interleaved high-voltage gain DC-DC converter for photovoltaic systems / (Record no. 18908)

MARC details
000 -LEADER
fixed length control field 01072nam a22002537a 4500
003 - CONTROL NUMBER IDENTIFIER
control field OSt
005 - DATE AND TIME OF LATEST TRANSACTION
control field 20251020201122.0
008 - FIXED-LENGTH DATA ELEMENTS--GENERAL INFORMATION
fixed length control field 240205b ||||| |||| 00| 0 eng d
040 ## - CATALOGING SOURCE
Transcribing agency 0
082 ## - DEWEY DECIMAL CLASSIFICATION NUMBER
Classification number DPer 621.317 Ie21 January 2022 v. 37 n. 1
100 ## - MAIN ENTRY--PERSONAL NAME
Personal name Rahimi, Ramin.
Relator term author.
9 (RLIN) 51361
245 ## - TITLE STATEMENT
Title A three-winding coupled inductor-based interleaved high-voltage gain DC-DC converter for photovoltaic systems /
Statement of responsibility, etc. Ramin Rahimi, Saeed Habibi, Mehdi Ferdowsi and Pourya Shamsi.
260 ## - PUBLICATION, DISTRIBUTION, ETC. (IMPRINT)
Place of publication, distribution, etc. New York ;
Name of publisher, distributor, etc. The Institute of Electrical and Electronics Engineers, Inc. ,
Date of publication, distribution, etc. January 2022.
300 ## - PHYSICAL DESCRIPTION
Extent Volume 37, pages 990-1002 :
Other physical details illustration ;
Dimensions 28 cm.
500 ## - GENERAL NOTE
General note IEEE Transactions on Power Electronics, v. 37 n. 1, pages 990-1002, January 2022.
650 #0 - SUBJECT ADDED ENTRY--TOPICAL TERM
Topical term or geographic name as entry element Capacitors.
9 (RLIN) 65717
650 #0 - SUBJECT ADDED ENTRY--TOPICAL TERM
Topical term or geographic name as entry element DC-DC power converters.
9 (RLIN) 65746
650 #0 - SUBJECT ADDED ENTRY--TOPICAL TERM
Topical term or geographic name as entry element Windings.
9 (RLIN) 65851
700 ## - ADDED ENTRY--PERSONAL NAME
Personal name Rahimi, Ramin.
Relator term author.
9 (RLIN) 51361
700 ## - ADDED ENTRY--PERSONAL NAME
Personal name Habibi, Saeed.
Relator term author.
9 (RLIN) 51362
700 ## - ADDED ENTRY--PERSONAL NAME
Personal name Ferdowsi, Mehdi.
Relator term author.
9 (RLIN) 51363
700 ## - ADDED ENTRY--PERSONAL NAME
Personal name Shamsi, Pourya.
Relator term author.
9 (RLIN) 51364
942 ## - ADDED ENTRY ELEMENTS (KOHA)
Source of classification or shelving scheme Dewey Decimal Classification
Koha item type Periodicals
Holdings
Withdrawn status Lost status Source of classification or shelving scheme Damaged status Not for loan Collection code Home library Current library Date acquired Total Checkouts Full call number Date last seen Price effective from Koha item type Public note
    Dewey Decimal Classification     Periodicals UM Digos College - LIC UM Digos College - LIC 02/05/2024   DPer 621.317 Ie21 January 2022 v. 37 n. 1 02/05/2024 02/05/2024 Periodicals Periodical Article